| 000 | 00807nam a2200241Ia 4500 | ||
|---|---|---|---|
| 003 | OSt | ||
| 005 | 20220923224024.0 | ||
| 006 | a|||||r|||| 00| 0 | ||
| 007 | ta | ||
| 008 | 220922b |||||||| |||| 00| 0 hin d | ||
| 024 | _a224,151 | ||
| 037 | _cTextual | ||
| 040 |
_aARTS _cARTS _bhin |
||
| 041 |
_2hin _ahin |
||
| 082 | _aV2:1, 152P3 | ||
| 100 |
_aसोर्मन, गाय; मुकेश कुमार, अनु. _9167748 |
||
| 245 | 0 | _aभारत की आत्मा | |
| 246 | _aBhārat kī ātmā | ||
| 260 |
_aनयी दिल्ली _b राजकमल प्रकाशन _c2003 |
||
| 300 |
_a187पृ. _ccm. |
||
| 942 |
_hV2:1, 152P3 _cTEXL _2CC |
||
| 999 |
_c368723 _d368723 |
||